स्‍मृतीग्रंथ (Record no. 23001)

MARC details
000 -LEADER
fixed length control field 00352nam a2200145Ia 4500
008 - FIXED-LENGTH DATA ELEMENTS--GENERAL INFORMATION
fixed length control field 220531s9999 xx 000 0 und d
041 ## - LANGUAGE CODE
Language code of text/sound track or separate title mar
245 ## - TITLE STATEMENT
Title स्‍मृतीग्रंथ
260 ## - PUBLICATION, DISTRIBUTION, ETC. (IMPRINT)
Name of publisher, distributor, etc. Gadgil pratisthan
Date of publication, distribution, etc. 2002
300 ## - PHYSICAL DESCRIPTION
Extent 132
542 ## - INFORMATION RELATING TO COPYRIGHT STATUS
Copyright holder 29-01-2002
650 ## - SUBJECT ADDED ENTRY--TOPICAL TERM
Topical term or geographic name as entry element Marathi
9 (RLIN) 37896
906 ## - LOCAL DATA ELEMENT F, LDF (RLIN)
d 2001-2002
Holdings
Withdrawn status Lost status Source of classification or shelving scheme Damaged status Not for loan Home library Current library Date acquired Total Checkouts Total Holds Full call number Barcode Date last seen Bill Date Koha item type Original Barcode
    Dewey Decimal Classification     Shri Siddhivinayak Mahila Mahavidyalaya Shri Siddhivinayak Mahila Mahavidyalaya 29/01/2002   1 /-/B/3985 SSMM-BK-3985 06/08/2022 06/08/2022 Books 010003985